000 01110nac a22002891u 4500
999 _c9667
_d9667
003 EG-ScBUE
005 20201101094226.0
008 200219s2006 ii f 000 d eng d
020 _a8175812095
040 _aEG-ScBUE
_beng
_erda
_cEG-ScBUE
_dEG-ScBUE
082 0 4 _a812.52
_bTIL
_222
100 1 _aTilak, Raghukul,
_eauthor.
245 1 4 _aThe Emperor Jones :
_bedited with a critical introduction, summary, text with paraphrase and select textual problems /
_cRaghukul Tilak, M. A, Ph.D., formerly head, Department of English, Meerut College, Meerut.
250 _aTenth edition.
264 1 _aNew Delhi :
_bRama Brothers India Pvt. Ltd.,
_c2006.
300 _ax, 180 pages ;
_c21 cm
336 _2rdacontent
_atext
_btxt
337 _2rdamedia
_aunmediated
_bn
338 _2rdacarrier
_avolume
_bnc
500 _adistributer: Al-Ahram
600 1 7 _aEugene O’Neill
_d1888-1953.
_2BUEsh
650 7 _aAmericans
_vDrama.
_zCaribbean Area
_2BUEsh
650 7 _aAfrican Americans
_vDrama.
_2BUEsh
653 _bHHUUEENN
_cOctober2020
655 _vReading book
_934232
942 _cBB
_k812.52TIL
_2ddc